000
00212 a2200097 4500
001
44296
100
_a
Faires
245
_a
Design of Machine Elements
260
_a
New York
_b
Macmillan
_c
090
_c
28041
_d
28041
942
_a
NUST-CAE
_c
M
_c
20049
999
_c
279369
_d
279369